Introduction to chemical engineering (Record no. 26904)

MARC details
000 -LEADER
fixed length control field 00320nam a2200121Ia 4500
082 ## - DEWEY DECIMAL CLASSIFICATION NUMBER
Classification number 066
Item number THO
100 ## - MAIN ENTRY--AUTHOR NAME
Personal name Ceckler, William H
245 #0 - TITLE STATEMENT
Title Introduction to chemical engineering
260 ## - PUBLICATION, DISTRIBUTION, ETC. (IMPRINT)
Place of publication New York
Name of publisher McGraw Hill
Year of publication 1977
700 ## - ADDED ENTRY--PERSONAL NAME
Personal name Thompson, Edward V
942 ## - ADDED ENTRY ELEMENTS (KOHA)
Koha item type Books
Holdings
Withdrawn status Lost status Damaged status Not for loan Home library Current library Date acquired Cost, normal purchase price Full call number Accession Number Koha item type
        RRII Library RRII Library 16/12/2021 20.50 066 THO 07535 Books